000 01010nam a2200277 a 4500
001 000028016
003 DO-SdBNP
005 20250129172553.0
008 110406s1990 dr 000 0 spa d
040 _aDO-SdBNP
_bspa
_cBNPHU
082 4 _a972.93
_bP349b
_222
100 1 _aHenríquez Gratereaux, Federico,
_d1937-
_92003
245 1 0 _aPeña Batlle y la dominicanidad /
_cFederico Henríquez Gratereaux, presentación George Hazoury Peña;
260 _aSanto Domingo :
_bFundación Manuel Arturo Peña Batlle,
_c1990.
300 _a16 p. ;
_c23 cm.
490 1 _aDivulgación
_v1
590 _aInventariado, 2021 / DG
600 1 4 _aPeña Batlle, Manuel Arturo
_d1902-1954
_922838
650 4 _aAbogados dominicanos
_979058
651 4 _aRepública Dominicana
_xHistoria
_9170
651 4 _aRepública Dominicana
_xCaracterísticas nacionales
_91720
700 1 2 _aHozoury Peña, George
_955059
830 0 _aDivulgación
_v1
_948040
910 _aDG/Validado. Control de calidad MFF
942 _2ddc
_cLBS1
999 _c27508
_d27508